书目信息 |
| 题名: |
蕴藏阳光的土地 第一部 迎风
|
|
| 作者: | 韩乃寅 著 | |
| 分册: | ||
| 出版信息: | 哈尔滨 北方文艺出版社 2003.01 |
|
| 页数: | 2卷 | |
| 开本: | 19cm | |
| 丛书名: | ||
| 单 册: | ||
| 中图分类: | I247.5 | |
| 科图分类: | ||
| 主题词: | 小说--中国 | |
| 电子资源: | ||
| ISBN: | 7-5317-1573-2 | |
| 000 | 00583nam0 2200193 45 | |
| 001 | 0356105062 | |
| 005 | 2003041815350506 | |
| 010 | @a7-5317-1573-2@b压膜@dRMB 21.50 | |
| 100 | @a20030418d2003 km y0chiy0120 ea | |
| 101 | 0 | @achi |
| 102 | @aCN@b230000 | |
| 200 | 1 | @a蕴藏阳光的土地 第一部 迎风@Ayun cang yang guang de tu di di yi bu ying feng@f韩乃寅著@Fhan nai yin zhu |
| 210 | @a哈尔滨@c北方文艺出版社@d2003.01 | |
| 215 | @a2卷@d19cm | |
| 606 | 0 | @a小说@x中国 |
| 690 | @aI247.5@v4 | |
| 701 | 0 | @a韩乃寅@Ahan nai yin@4著 |
| 801 | 0 | @aCN@bPFT@c20030418 |
| 905 | @a10447@dI247.5@eH080:2 | |
| 蕴藏阳光的土地 第一部 迎风/韩乃寅著.-哈尔滨:北方文艺出版社,2003.01 |
| 2卷;19cm |
| ISBN 7-5317-1573-2(压膜):RMB 21.50 |
| ● |
| 相关链接 |
|
|
|
正题名:蕴藏阳光的土地 第一部 迎风
索取号:I247.5/H080:2
 
预约/预借
| 序号 | 登录号 | 条形码 | 馆藏地/架位号 | 状态 | 备注 |
| 1 | 365876 | 203658764 | 文学库108/ [索取号:I247.5/H080:2] | 在馆 | |
| 2 | 365877 | 203658773 | 文学库108/108文学库 28排4列5层/ [索取号:I247.5/H080:2] | 在馆 |